00854nam a2200205 a 450000100100000000500170001000800410002704000250006804100390009308200200013210000200015224000380017224501060021026001520031630000210046853400630048950000340055265000330058670000290061900002602520200930024235.0110225s1970 mx r 000 0 spa d aDO-SdBNPbspacBNPHU17aspaheng2Código de idiomas MARC a334.0973bV951c1 aVoorhis, Jerry.10aAmerican cooperatives.lEspañol10aCooperativas :bdesarrollo - función - futuro /cJerry Voorhis ; traducción de Ramón Palazón. aMéxico, D. F. :bCentro Regional de Ayuda Técnica. Agencia para el Desarrollo Internacional ;bPax-México, Librería Carlos Cesarman,c1970. a269 p. ;c21 cm. aTítulo del original en inglés :tAmerican cooperatives aIncluye índice analítico. 4aCooperativaszEstados Unidos1 aPalazón, Ramón,etr.